Angličtina pro vědecké a odborné pracovníky : kurs pro středně pokročilé /

Hlavní autor: Dušková, Libuše, 1930-
Další autoři: Bubeníková, Libuše, 1920-1994
Jazyk: Čeština
Angličtina
Vydáno: Praha : Academia, 1971
Vydání: 2. vyd.
Témata:
Externí odkaz: Digitalizovaný dokument
Fyzický popis: 325 s. + 2 gram. desky
Knihy
Uloženo v:
LEADER 01192nam a22002892a 4500
001 000154845
003 CZ BrMZK
005 20250121123505.0
007 ta
008 010907s1971 xr f cze d
015 |a cnb000132233 
035 |a (OCoLC)42175124 
040 |a BOA001  |b cze  |c BOA002 
041 1 |a cze  |a eng 
100 1 |a Dušková, Libuše,  |d 1930-  |7 jk01023436  |4 aut 
245 1 0 |a Angličtina pro vědecké a odborné pracovníky :  |b kurs pro středně pokročilé /  |c Libuše Dušková, Libuše Bubeníková 
250 |a 2. vyd. 
260 |a Praha :  |b Academia,  |c 1971 
300 |a 325 s. +  |e 2 gram. desky 
700 1 |a Bubeníková, Libuše,  |d 1920-1994  |7 jk01020090  |4 aut 
856 4 1 |u http://www.digitalniknihovna.cz/mzk/uuid/uuid:361cc0b0-0897-11eb-b34d-005056827e51  |y Digitalizovaný dokument  |x NDK 
910 |a BOA001  |b PK-0040.882-71  |b 2-0547.512-71 
920 |a 000272919 
964 |a Angličtina - učebnice pro vědecké pracovníky 
990 |a BK 
996 7 |b 2619694766  |c 2-0547.512-71  |l Sklad H1  |r Sklad / do 24 hodin  |n 3  |h HS212  |w 000154845  |u 000030  |a 1  |e BOA001  |j MZK50  |s A 
996 7 |b 3119951232  |c PK-0040.882-71  |l MZK  |r Sklad / do 1 hodiny  |n 2  |w 000154845  |u 000010  |a 1  |e BOA001  |j MZK50  |s A